Biochemical engineering
Salvato in:
| Autori principali: | , , |
|---|---|
| Natura: | Libro |
| Lingua: | inglese |
| Pubblicazione: |
Nueva York
Academic Press
1973
|
| Edizione: | 2a. ed |
| Soggetti: | |
| Tags: |
Aggiungi Tag
Nessun Tag, puoi essere il primo ad aggiungerne!!
|
MARC
| LEADER | 00000nam a2200000 a 4500 | ||
|---|---|---|---|
| 001 | UCV6054 | ||
| 003 | CL-VaPUC | ||
| 008 | 900528e19730000US |||||||||||||||||eng|d | ||
| 082 | 0 | 4 | |a 660.63 |b AIB |2 21 |
| 100 | 0 | |a Aiba, Shuichi |e author |9 300286 | |
| 700 | 0 | |a Humphrey, Arthur E |e author |9 300287 | |
| 700 | 0 | |a Millis, Nancy F |e author |9 300288 | |
| 245 | 1 | 0 | |a Biochemical engineering |
| 250 | |a 2a. ed | ||
| 300 | |a 434 p | ||
| 942 | |c BK | ||
| 945 | |d 19900528 00:00:00 | ||
| 260 | |a Nueva York |b Academic Press |c 1973 | ||
| 650 | 0 | |a Ingeniería bioquímica |9 260241 | |
| 583 | |a last modification |c 19900528 00:00:00 |k Rodrigo Vera | ||
| 999 | |c 212307 |d 212305 | ||
| 952 | |0 0 |1 0 |4 0 |6 660_630000000000000_AIB_1973 |7 0 |8 A |9 193053 |a BIBING |b BIBING |d 2019-11-14 |i 2607352 |l 1 |o 660.63 AIB 1973 |p 2607352 |r 2025-01-20 |s 2022-08-24 |w 2019-11-14 |y BK |k EIB | ||
| 952 | |0 0 |1 0 |4 0 |6 660_630000000000000_AIB_1973 |7 0 |8 A |9 193054 |a BIBING |b BIBING |d 2019-11-14 |i 1703404 |o 660.63 AIB 1973 |p 1703404 |r 2025-01-20 |w 2019-11-14 |y BK |k EIB | ||
| 952 | |0 0 |1 0 |4 0 |6 660_630000000000000_AIB_1973 |7 0 |8 A |9 193055 |a BIBING |b BIBING |d 2019-11-14 |i 1703412 |o 660.63 AIB 1973 |p 1703412 |r 2025-01-20 |w 2019-11-14 |y BK |k EIB | ||
| 952 | |0 0 |1 0 |4 0 |6 660_630000000000000_AIB_1973 |7 0 |8 A |9 193056 |a BIBING |b BIBING |d 2019-11-14 |i 1703420 |o 660.63 AIB 1973 |p 1703420 |r 2025-01-20 |w 2019-11-14 |y BK |k EIB | ||
| 952 | |0 0 |1 0 |4 0 |6 660_630000000000000_AIB_1973 |7 0 |8 A |9 193057 |a BIBING |b BIBING |d 2019-11-14 |i 1703439 |l 1 |o 660.63 AIB 1973 |p 1703439 |r 2025-01-20 |s 2022-08-24 |w 2019-11-14 |y BK |k EIB | ||